<?xml version="1.0" encoding="UTF-8"?>
<record
    xmlns:xsi="http://www.w3.org/2001/XMLSchema-instance"
    xsi:schemaLocation="http://www.loc.gov/MARC21/slim http://www.loc.gov/standards/marcxml/schema/MARC21slim.xsd"
    xmlns="http://www.loc.gov/MARC21/slim">

  <leader>00741nam a22002417a 4500</leader>
  <controlfield tag="003">UA-OsUOA</controlfield>
  <controlfield tag="001"> 50955 </controlfield>
  <controlfield tag="007">ta</controlfield>
  <controlfield tag="008">20140715b un ||||| |||| 00| 0 ukr d</controlfield>
  <datafield tag="100" ind1=" " ind2=" ">
    <subfield code="a">&#x411;&#x430;&#x433;&#x430;&#x43B;&#x456;&#x439; &#x414;.&#x406;.</subfield>
  </datafield>
  <datafield tag="090" ind1=" " ind2=" ">
    <subfield code="a">94(477)</subfield>
    <subfield code="b">&#x411;14</subfield>
  </datafield>
  <datafield tag="942" ind1=" " ind2=" ">
    <subfield code="c">BK</subfield>
  </datafield>
  <datafield tag="040" ind1=" " ind2=" ">
    <subfield code="a">UA-OsUOA</subfield>
    <subfield code="b">ukr</subfield>
    <subfield code="c">UA-OsUOA</subfield>
    <subfield code="d">UA-OsUOA</subfield>
  </datafield>
  <datafield tag="245" ind1=" " ind2=" ">
    <subfield code="a">&#x41D;&#x430;&#x440;&#x438;&#x441; &#x456;&#x441;&#x442;&#x43E;&#x440;&#x456;&#x457; &#x423;&#x43A;&#x440;&#x430;&#x457;&#x43D;&#x438; &#x43D;&#x430; &#x441;&#x43E;&#x446;&#x456;&#x44F;&#x43B;&#x44C;&#x43D;&#x43E;-&#x435;&#x43A;&#x43E;&#x43D;&#x43E;&#x43C;&#x456;&#x447;&#x43D;&#x43E;&#x43C;&#x443; &#x433;&#x440;&#x443;&#x43D;&#x442;&#x456;.</subfield>
  </datafield>
  <datafield tag="300" ind1=" " ind2=" ">
    <subfield code="a">389 &#x441;.</subfield>
  </datafield>
  <datafield tag="955" ind1=" " ind2=" ">
    <subfield code="a">1</subfield>
  </datafield>
  <datafield tag="041" ind1=" " ind2=" ">
    <subfield code="a">ukr</subfield>
  </datafield>
  <datafield tag="080" ind1=" " ind2=" ">
    <subfield code="a">94(477)</subfield>
  </datafield>
  <datafield tag="260" ind1=" " ind2=" ">
    <subfield code="a">&#x41A;.</subfield>
    <subfield code="c">1928</subfield>
  </datafield>
  <datafield tag="650" ind1=" " ind2="7">
    <subfield code="a">9 &#x413;&#x435;&#x43E;&#x433;&#x440;&#x430;&#x444;&#x456;&#x44F;. &#x411;&#x456;&#x43E;&#x433;&#x440;&#x430;&#x444;&#x456;&#x457;. &#x406;&#x441;&#x442;&#x43E;&#x440;&#x456;&#x44F;</subfield>
    <subfield code="2">UDC</subfield>
  </datafield>
  <datafield tag="999" ind1=" " ind2=" ">
    <subfield code="c">431088</subfield>
    <subfield code="d">431088</subfield>
  </datafield>
  <datafield tag="952" ind1=" " ind2=" ">
    <subfield code="0">0</subfield>
    <subfield code="1">0</subfield>
    <subfield code="2">udc</subfield>
    <subfield code="4">0</subfield>
    <subfield code="7">0</subfield>
    <subfield code="a">300</subfield>
    <subfield code="b">300</subfield>
    <subfield code="d">2014-07-15</subfield>
    <subfield code="e">311/2014</subfield>
    <subfield code="g">1.00</subfield>
    <subfield code="i">2136780</subfield>
    <subfield code="l">0</subfield>
    <subfield code="o">94(477) &#x411;14</subfield>
    <subfield code="p">2136780</subfield>
    <subfield code="r">2019-09-14 00:00:00</subfield>
    <subfield code="w">2014-07-15</subfield>
    <subfield code="y">BK</subfield>
  </datafield>
</record>
